000 00530nim a2200205 i 4500
001 bgj
100 1 _aLAWDAY, Cathy
245 1 0 _aWinners /
_cCathy Lawday ; Mark Hancock.
260 _aOxford :
_bOxford University Press,
_c2004.
300 _aset of 2 CDs.
650 9 _aEnglish language
655 _aTextbooks for foreigners
700 1 _aHANCOCK, Mark.
_eco-author
020 _a0194388050
040 _cBPK
041 0 _aeng
920 _a0-19-438805-0
942 _cCD
008 s uk f |000 0 eng
999 _c41208
_d41208
856 _uhttp://koha.tu.koszalin.pl/cgi-bin/koha/opac-detail.pl?biblionumber=41208
_yKatalog online BPK